[Event "European Youth Chess Championship B12"]
[Site "Prague, Top Hotel Prague"]
[Date "2016.08.20"]
[Round "3.19"]
[White "Koziorowicz, Michal"]
[Black "Czopor, Maciej"]
[Result "0-1"]
[WhiteElo "1816"]
[BlackElo "2025"]
[PlyCount "54"]
[EventDate "2016.08.18"]

1. e4 c5 2. Nf3 e6 3. d4 cxd4 4. Nxd4 Nf6 5. Nc3 d6 6. Be3 Be7 7. f3 a6 8. Qd2
Nc6 9. g4 Nd7 10. O-O-O O-O 11. h4 Nde5 12. Be2 Nxd4 13. Bxd4 Nc6 14. Be3 b5
15. g5 Qa5 16. b3 Bd7 17. h5 Rac8 18. Kb1 Nb4 19. g6 Rxc3 20. gxh7+ Kxh7 21.
Qxc3 Qxa2+ 22. Kc1 Rc8 23. h6 Rxc3 24. hxg7+ Kg8 25. Rh8+ Kxg7 26. Bd4+ e5 27.
Bxe5+ dxe5 0-1

[Event "European Youth Chess Championship B12"]
[Site "Prague, Top Hotel Prague"]
[Date "2016.08.20"]
[Round "3.20"]
[White "Pedoson, Georg Aleksander"]
[Black "Stremavicius, Pijus"]
[Result "1-0"]
[WhiteElo "1944"]
[BlackElo "1771"]
[PlyCount "51"]
[EventDate "2016.08.18"]

1. e4 c5 2. b3 g6 3. Bb2 Nf6 4. g3 Nc6 5. Bg2 d6 6. Ne2 Bg7 7. O-O O-O 8. d3
Qc7 9. h3 b5 10. f4 e5 11. Nd2 Bd7 12. Nf3 Rae8 13. g4 Nd4 14. Nexd4 cxd4 15.
fxe5 dxe5 16. Ba3 h6 17. Qd2 a5 18. Bxf8 Rxf8 19. Rf2 Re8 20. Raf1 h5 21. Nh2
hxg4 22. Rxf6 Bxf6 23. Rxf6 gxh3 24. Bxh3 Qd8 25. Qg5 Qc7 26. Rf2 {time} 1-0

[Event "European Youth Chess Championship B12"]
[Site "Prague, Top Hotel Prague"]
[Date "2016.08.20"]
[Round "3.21"]
[White "Bonciu, David"]
[Black "Sargsyan, Sargis Vach"]
[Result "0-1"]
[WhiteElo "1820"]
[BlackElo "1912"]
[PlyCount "116"]
[EventDate "2016.08.18"]

1. e4 c5 2. Nf3 d6 3. d4 cxd4 4. Nxd4 Nf6 5. Nc3 a6 6. Qf3 Nbd7 7. h3 Qb6 8.
Nb3 Qc7 9. Be3 b5 10. O-O-O Bb7 11. g4 Rc8 12. Rd2 e6 13. a3 d5 14. exd5 Nxd5
15. Bg2 Bxa3 16. bxa3 Qxc3 17. Bd4 Qxf3 18. Bxf3 O-O 19. Re1 Ba8 20. Kb2 N7b6
21. Bxd5 Na4+ 22. Kb1 Bxd5 23. Re3 Rfd8 24. Red3 Be4 25. Re3 Bg6 26. h4 h6 27.
h5 Bh7 28. f4 Rd7 29. g5 hxg5 30. fxg5 Rdc7 31. Ree2 Bf5 32. h6 gxh6 33. gxh6
Nc3+ 34. Bxc3 Rxc3 35. Kb2 Kh7 36. Rh2 Bg6 37. Nd4 e5 38. Nb3 R8c7 39. Na1 R3c6
40. Rd8 f5 41. Rf8 f4 42. Re2 Re6 43. Nb3 f3 44. Rxf3 Bh5 45. Nd4 exd4 46. Rxe6
Bxf3 47. Rxa6 Be4 48. Rd6 Rxc2+ 49. Kb3 d3 50. Kb4 Bg6 51. Kxb5 d2 52. a4 Bh5
53. a5 d1=Q 54. Rxd1 Bxd1 55. a6 Bf3 56. Kb6 Ra2 57. Ka7 Be2 58. Ka8 Bxa6 0-1

[Event "European Youth Chess Championship B12"]
[Site "Prague, Top Hotel Prague"]
[Date "2016.08.20"]
[Round "3.22"]
[White "Dobrikov, Marco"]
[Black "Sarginalp, Tuna"]
[Result "0-1"]
[WhiteElo "1911"]
[BlackElo "1646"]
[PlyCount "56"]
[EventDate "2016.08.18"]

1. e4 e5 2. Nf3 Nc6 3. Bc4 Bc5 4. c3 Nf6 5. d3 a6 6. Nbd2 Ba7 7. Nf1 d6 8. Bb3
Ne7 9. Ng3 Ng6 10. O-O O-O 11. Re1 Re8 12. h3 Be6 13. d4 h6 14. Be3 b5 15. a4
exd4 16. Nxd4 Bxb3 17. Qxb3 Bxd4 18. Bxd4 bxa4 19. Rxa4 c5 20. Bxf6 Qxf6 21.
Ra2 d5 22. Qxd5 Rad8 23. Qxc5 Ne5 24. Qe3 Rd3 25. Qa7 Rd2 26. Re2 Rd1+ 27. Kh2
Ng4+ 28. hxg4 Qh4# 0-1

[Event "European Youth Chess Championship B12"]
[Site "Prague, Top Hotel Prague"]
[Date "2016.08.20"]
[Round "3.23"]
[White "Pogosyan, Stefan"]
[Black "Fridensteins-Bridins, Atis"]
[Result "1-0"]
[WhiteElo "2200"]
[BlackElo "1347"]
[PlyCount "87"]
[EventDate "2016.08.18"]

1. d4 d5 2. Nf3 Bf5 3. c4 c6 4. Nc3 e6 5. e3 Nd7 6. Be2 dxc4 7. Bxc4 Nb6 8. Bb3
Nf6 9. O-O Bd6 10. Qe2 Bc7 11. e4 Bg6 12. Bg5 Qd7 13. Rad1 O-O-O 14. e5 Qe7 15.
exf6 gxf6 16. Bh4 Rhe8 17. Ne4 Bxe4 18. Qxe4 h6 19. Qe3 Rh8 20. Rc1 Kb8 21.
Rfd1 Nd5 22. Bxd5 Rxd5 23. Rc5 Qxc5 24. dxc5 Rxd1+ 25. Ne1 Ba5 26. f3 Rhd8 27.
b4 Bc7 28. Bxf6 R8d2 29. Bh4 Rxa2 30. Qxh6 Rad2 31. Qf8+ Bd8 32. Bg3+ Kc8 33.
Qxf7 Re2 34. Kf1 Re3 35. Qf4 Rexe1+ 36. Bxe1 Bc7 37. Qh6 Kd7 38. Ke2 Rd5 39.
Bc3 b6 40. cxb6 Bxb6 41. Qg7+ Kc8 42. Qg8+ Kd7 43. Qf7+ Kc8 44. h4 1-0

[Event "European Youth Chess Championship B12"]
[Site "Prague, Top Hotel Prague"]
[Date "2016.08.20"]
[Round "3.24"]
[White "Tsaruk, Maksim"]
[Black "Nguyen, Lucas"]
[Result "1/2-1/2"]
[WhiteElo "2098"]
[BlackElo "1806"]
[PlyCount "102"]
[EventDate "2016.08.18"]

1. e4 c5 2. Nf3 Nc6 3. d4 cxd4 4. Nxd4 g6 5. Nc3 Bg7 6. Be3 Nf6 7. Bc4 O-O 8.
Bb3 d6 9. h3 a6 10. O-O Bd7 11. Qd2 Rc8 12. Rad1 Na5 13. f4 Nxb3 14. axb3 b5
15. e5 Ne8 16. Nf3 Bc6 17. Bd4 Qc7 18. exd6 Nxd6 19. Be5 Rfd8 20. Qf2 Bxf3 21.
Qxf3 Qc5+ 22. Qf2 Bxe5 23. fxe5 Qxe5 24. Rde1 Qc5 25. Rxe7 Nf5 26. Ra7 b4 27.
Qxc5 Rxc5 28. Ne4 Rxc2 29. Rxa6 Rxb2 30. Rf3 Nd4 31. Rd3 Rxb3 32. Rxb3 Nxb3 33.
Kf2 Nd2 34. Nc5 Rd5 35. Na4 Nc4 36. Ra8+ Kg7 37. Rb8 Rd2+ 38. Kf3 Ne5+ 39. Kf4
Nc6 40. Rb6 Rc2 41. g3 Ne7 42. Kf3 Nd5 43. Rb5 Rd2 44. Nc5 f5 45. Na6 Ra2 46.
Nxb4 Rb2 47. Rxd5 Rxb4 48. Rd7+ Kh6 49. h4 Rg4 50. Rf7 Rb4 51. Ra7 Rc4 1/2-1/2

[Event "European Youth Chess Championship B12"]
[Site "Prague, Top Hotel Prague"]
[Date "2016.08.20"]
[Round "3.25"]
[White "Stoyanov, Georgi"]
[Black "Tsvetkov, Andrey"]
[Result "1/2-1/2"]
[WhiteElo "1810"]
[BlackElo "2096"]
[PlyCount "117"]
[EventDate "2016.08.18"]

1. e4 c5 2. Nc3 d6 3. Bb5+ Nd7 4. d4 cxd4 5. Qxd4 e5 6. Qd3 h6 7. Nge2 Ngf6 8.
O-O a6 9. Bxd7+ Bxd7 10. f3 Be7 11. Be3 O-O 12. Nd5 Nxd5 13. Qxd5 Bc6 14. Qb3
b5 15. Nc3 Qc7 16. Rac1 Rac8 17. Nd5 Bxd5 18. Qxd5 Kh8 19. Qd3 Qc6 20. Rfd1 Rc7
21. Qd5 f5 22. Qxc6 Rxc6 23. exf5 Rxf5 24. c3 Kg8 25. Rd5 Kf7 26. Kf2 Ke6 27.
Rcd1 Rf8 28. Ke2 g5 29. R1d2 Rb8 30. R5d3 a5 31. Rd5 Rc4 32. Kf2 b4 33. Rxa5
bxc3 34. bxc3 Rxc3 35. Ke2 Rb1 36. Ra6 Ra1 37. Ra5 h5 38. h3 Rb1 39. Ra6 Rb4
40. Ra5 g4 41. hxg4 hxg4 42. Ra6 g3 43. Ra5 Rxe3+ 44. Kxe3 Bg5+ 45. Ke2 Bxd2
46. Kxd2 Rb2+ 47. Ke3 Rxg2 48. Ra8 Rb2 49. Rg8 Rxa2 50. Rxg3 d5 51. Rg6+ Kf5
52. Rg8 d4+ 53. Kd3 Ra3+ 54. Ke2 Re3+ 55. Kf2 Ke6 56. Rd8 Kf6 57. f4 Kf5 58.
fxe5 Kxe5 59. Ra8 1/2-1/2

[Event "European Youth Chess Championship B12"]
[Site "Prague, Top Hotel Prague"]
[Date "2016.08.20"]
[Round "3.26"]
[White "Dardha, Daniel"]
[Black "Kevlishvili, Nika"]
[Result "0-1"]
[WhiteElo "2095"]
[BlackElo "1788"]
[PlyCount "72"]
[EventDate "2016.08.18"]

1. e4 c5 2. Nf3 Nc6 3. d4 cxd4 4. Nxd4 e5 5. Nb5 d6 6. N1c3 a6 7. Na3 b5 8. Nd5
Nf6 9. Bg5 Be7 10. Bxf6 Bxf6 11. c4 b4 12. Nc2 a5 13. b3 O-O 14. g3 Be6 15. Bg2
Bxd5 16. cxd5 Na7 17. O-O Bg5 18. f4 exf4 19. gxf4 Bf6 20. Rc1 Nb5 21. Qh5 Rc8
22. Qe2 Nc3 23. Qd3 Nxa2 24. Rce1 Rc3 25. Qd2 Rxb3 26. e5 dxe5 27. fxe5 Bg5 28.
Qe2 Rb2 29. e6 b3 30. exf7+ Kh8 31. Qh5 bxc2 32. Re8 Qd6 33. Be4 Bh6 34. Qf5 g6
35. Qe6 Qc5+ 36. Kh1 c1=Q 0-1

[Event "European Youth Chess Championship B12"]
[Site "Prague, Top Hotel Prague"]
[Date "2016.08.20"]
[Round "3.27"]
[White "Mica, Marek"]
[Black "Subelj, Jan"]
[Result "0-1"]
[WhiteElo "1795"]
[BlackElo "2088"]
[PlyCount "116"]
[EventDate "2016.08.18"]

1. d4 Nf6 2. c4 e6 3. Nf3 d5 4. Nc3 Be7 5. Bg5 h6 6. Bh4 O-O 7. e3 b6 8. Rc1
Bb7 9. Bxf6 Bxf6 10. cxd5 exd5 11. b4 c6 12. Bd3 Qe7 13. Qb3 Rd8 14. O-O Nd7
15. Bf5 Nf8 16. Rfd1 g6 17. Bh3 Ne6 18. Ne2 Ba6 19. Nc3 Bc4 20. Qa4 a5 21. bxa5
b5 22. Qc2 Rxa5 23. Nd2 Ng5 24. Bg4 h5 25. Nxc4 dxc4 26. Be2 Rda8 27. Rd2 b4
28. Nb1 c3 29. Rdd1 Rxa2 30. Qd3 Bxd4 31. Qxd4 Rxe2 32. Qc4 Raa2 33. Nxc3 bxc3
34. Rxc3 Rxf2 35. Qxc6 Rxg2+ 36. Qxg2 Rxg2+ 37. Kxg2 Qe4+ 38. Kf2 Qf3+ 39. Ke1
Qh1+ 40. Kd2 Ne4+ 41. Kc1 Qxd1+ 42. Kxd1 Nxc3+ 43. Ke1 g5 44. Kf2 f5 45. Kg3
Nd5 46. h4 gxh4+ 47. Kxh4 Nxe3 48. Kxh5 f4 49. Kh4 Kf7 50. Kh3 Kf6 51. Kh2 Kf5
52. Kg1 f3 53. Kf2 Kf4 54. Kg1 Kg3 55. Kh1 Nf5 56. Kg1 f2+ 57. Kf1 Ne3+ 58. Ke2
f1=Q+ 0-1

[Event "European Youth Chess Championship B12"]
[Site "Prague, Top Hotel Prague"]
[Date "2016.08.20"]
[Round "3.28"]
[White "Musyuk, Lior"]
[Black "Misiuk, Ernest"]
[Result "1-0"]
[WhiteElo "2087"]
[BlackElo "1783"]
[PlyCount "53"]
[EventDate "2016.08.18"]

1. e4 c5 2. Nf3 d6 3. Bb5+ Nc6 4. d4 cxd4 5. Qxd4 Bd7 6. Bxc6 Bxc6 7. c4 f5 8.
Nc3 fxe4 9. Ng5 e5 10. Qe3 Qd7 11. Ngxe4 Nf6 12. O-O Be7 13. Rd1 O-O 14. b3 b6
15. Ba3 Rad8 16. Bxd6 Nxe4 17. Bxe7 Qxe7 18. Nxe4 Rxd1+ 19. Rxd1 Qa3 20. Nc3
Qb2 21. Qd2 Qa3 22. Qd6 Qb2 23. Qxe5 Qa3 24. Qe3 Qb2 25. h3 Qc2 26. Rd2 Qg6 27.
Nd5 1-0

[Event "European Youth Chess Championship B12"]
[Site "Prague, Top Hotel Prague"]
[Date "2016.08.20"]
[Round "3.29"]
[White "Melkumiants, Alexandr"]
[Black "Budisavljevic, Luka"]
[Result "0-1"]
[WhiteElo "1794"]
[BlackElo "1993"]
[PlyCount "116"]
[EventDate "2016.08.18"]

1. Nf3 Nf6 2. c4 c5 3. g3 e6 4. Bg2 Nc6 5. O-O Be7 6. Nc3 O-O 7. b3 a6 8. Bb2
Qc7 9. d4 cxd4 10. Nxd4 d6 11. Rc1 Nxd4 12. Qxd4 Bd7 13. Rfd1 Rfd8 14. Ne4 Bc6
15. Qd3 Nxe4 16. Bxe4 Bxe4 17. Qxe4 Rac8 18. h4 h6 19. Qg4 Bf8 20. Rd3 Qa5 21.
a3 b5 22. b4 Qb6 23. cxb5 axb5 24. Rdc3 Qb7 25. Qd4 Rxc3 26. Qxc3 d5 27. e3 Rd7
28. Qc8 f6 29. Qxb7 Rxb7 30. Kf1 Kf7 31. Ke2 Bd6 32. Rc6 Ke7 33. Kd3 Kd7 34.
Ra6 e5 35. Ra8 Bb8 36. Ra6 Bd6 37. Ra8 Bb8 38. Ra6 Bc7 39. Ra8 Rb8 40. Rxb8
Bxb8 41. Bc3 h5 42. Ke2 Ke6 43. Kf3 Kf5 44. Bd2 e4+ 45. Ke2 Be5 46. Bc1 Kg4 47.
Ke1 Kf3 48. Kf1 Bc3 49. Kg1 Be1 50. a4 Bxf2+ 51. Kf1 bxa4 52. b5 Bxg3 53. b6
Bd6 54. b7 g5 55. hxg5 fxg5 56. Ba3 Bb8 57. Bc5 g4 58. Kg1 h4 0-1

[Event "European Youth Chess Championship B12"]
[Site "Prague, Top Hotel Prague"]
[Date "2016.08.20"]
[Round "3.30"]
[White "Abelakiotis, Stavros"]
[Black "Bacrot, Alexandre"]
[Result "1-0"]
[WhiteElo "1784"]
[BlackElo "1961"]
[PlyCount "43"]
[EventDate "2016.08.18"]

1. e4 e5 2. Nf3 Nc6 3. Bb5 a6 4. Ba4 Nf6 5. O-O b5 6. Bb3 Bc5 7. a4 Rb8 8. axb5
axb5 9. Nxe5 Nxe5 10. d4 Bxd4 11. Qxd4 d6 12. f4 c5 13. Qc3 Nc6 14. e5 Nd4 15.
Qe1 dxe5 16. Qxe5+ Be6 17. f5 c4 18. fxe6 fxe6 19. Be3 Ne2+ 20. Kh1 cxb3 21.
Bc5 Qc8 22. cxb3 1-0

[Event "European Youth Chess Championship B12"]
[Site "Prague, Top Hotel Prague"]
[Date "2016.08.20"]
[Round "3.31"]
[White "Minko, Dmitry"]
[Black "Rosol, Alexander"]
[Result "1-0"]
[WhiteElo "1960"]
[BlackElo "1779"]
[PlyCount "71"]
[EventDate "2016.08.18"]

1. e4 e5 2. Nf3 Nc6 3. d4 exd4 4. Nxd4 Bc5 5. Be3 Qf6 6. c3 Nge7 7. Bc4 Ne5 8.
Be2 Qg6 9. O-O d6 10. f3 Bh3 11. Rf2 O-O-O 12. b4 Bb6 13. Kh1 Bd7 14. a4 c6 15.
a5 Bc7 16. c4 f5 17. exf5 Nxf5 18. Nxf5 Bxf5 19. b5 c5 20. Nc3 Nd3 21. Rf1 Rhe8
22. Nd5 Bb8 23. Ra3 Nb4 24. g4 Bc2 25. Qd2 Nxd5 26. cxd5 Rd7 27. Rc1 Bb1 28. b6
Rde7 29. Bb5 Rf8 30. Bxc5 dxc5 31. Rxc5+ Kd8 32. Rac3 Re5 33. bxa7 Bxa7 34.
Rc8+ Ke7 35. R3c7+ Kf6 36. Rxf8+ 1-0

[Event "European Youth Chess Championship B12"]
[Site "Prague, Top Hotel Prague"]
[Date "2016.08.20"]
[Round "3.32"]
[White "Torngren, Gustav"]
[Black "Sosovicka, Jakub"]
[Result "0-1"]
[WhiteElo "1764"]
[BlackElo "1959"]
[PlyCount "76"]
[EventDate "2016.08.18"]

1. d4 d5 2. c4 e6 3. Nc3 Be7 4. Nf3 Nf6 5. Bg5 h6 6. Bh4 O-O 7. e3 b6 8. Rc1
Bb7 9. Bxf6 Bxf6 10. cxd5 exd5 11. Bd3 c5 12. O-O Na6 13. Re1 Nc7 14. Bb1 Ne6
15. a3 Qd7 16. Qd3 g6 17. Rcd1 Rfd8 18. Rd2 c4 19. Qc2 b5 20. Red1 a5 21. Ne5
Qe8 22. f4 b4 23. Ne2 Bxe5 24. fxe5 Rac8 25. Nf4 c3 26. Rf2 Ng5 27. axb4 Ne4
28. Rf3 axb4 29. b3 Ba6 30. Nxd5 Rxd5 31. Qxe4 Be2 32. Qxd5 Bxd1 33. Rf6 Kg7
34. Bxg6 fxg6 35. Qb7+ Kg8 36. Qb6 Bh5 37. Qa5 c2 38. Qd5+ Kh8 0-1

[Event "European Youth Chess Championship B12"]
[Site "Prague, Top Hotel Prague"]
[Date "2016.08.20"]
[Round "3.33"]
[White "Gucaga, Augustas"]
[Black "Luczak, Filip"]
[Result "0-1"]
[WhiteElo "1902"]
[BlackElo "1749"]
[PlyCount "68"]
[EventDate "2016.08.18"]

1. e4 c5 2. Nf3 d6 3. d4 Nf6 4. Nc3 cxd4 5. Nxd4 a6 6. h3 e6 7. g4 d5 8. exd5
Nxd5 9. Bg2 Bb4 10. Bd2 Bc5 11. Nb3 Bb6 12. Qf3 Nxc3 13. Bxc3 O-O 14. Rd1 Qc7
15. O-O Nc6 16. Qe4 e5 17. Nd2 Be6 18. Nc4 Bd4 19. Ne3 Bxc3 20. bxc3 Rfd8 21.
a4 Rxd1 22. Rxd1 Rd8 23. Rxd8+ Qxd8 24. Bf1 Qa5 25. Nd1 Qd5 26. Bd3 Qxe4 27.
Bxe4 Kf8 28. Kf1 g6 29. Ne3 Ke7 30. Nd5+ Bxd5 31. Bxd5 Nd8 32. g5 b6 33. Ke2
Ne6 34. h4 Nf4+ 0-1

[Event "European Youth Chess Championship B12"]
[Site "Prague, Top Hotel Prague"]
[Date "2016.08.20"]
[Round "3.34"]
[White "Bin-Suhayl, Ieysaa"]
[Black "Aalto, Patrik"]
[Result "1/2-1/2"]
[WhiteElo "1899"]
[BlackElo "1733"]
[PlyCount "141"]
[EventDate "2016.08.18"]

1. Nf3 c5 2. c4 Nf6 3. g3 g6 4. Bg2 Bg7 5. O-O O-O 6. Nc3 Nc6 7. d4 d6 8. a3
cxd4 9. Nxd4 Nxd4 10. Qxd4 Be6 11. Qd3 Nd7 12. Bxb7 Nc5 13. Qf3 Nxb7 14. Qxb7
Bxc4 15. Bg5 Re8 16. Rab1 Qc8 17. Qf3 Qe6 18. Rfe1 Rab8 19. b4 Rec8 20. Bd2 Qf6
21. Qe3 Qd4 22. Rec1 Qxe3 23. Bxe3 Bxc3 24. Rxc3 a6 25. Ba7 Rb7 26. Rbc1 d5 27.
Bd4 Rbc7 28. e4 Rc6 29. Bc5 Kf8 30. a4 Ke8 31. exd5 Bxd5 32. b5 axb5 33. axb5
R6c7 34. f4 e6 35. Kf2 Bb7 36. Ke3 Rd7 37. Bd4 Rxc3+ 38. Rxc3 Ke7 39. b6 h5 40.
Rc7 Rxc7 41. bxc7 Kd7 42. Bb6 Kc6 43. Ba5 Kd5 44. Bc3 Ba6 45. Bh8 Bb7 46. Kd3
Ba6+ 47. Kc3 Kc5 48. Be5 Bb7 49. Kd3 Kd5 50. Ke3 Kc5 51. Kf2 Kd5 52. Kg2 Ke4
53. Kf2 Kd3 54. h3 Ke4 55. Ke2 Ba6+ 56. Kf2 Bb7 57. g4 hxg4 58. hxg4 g5 59. Kg3
f5 60. Bd6 gxf4+ 61. Bxf4 fxg4 62. Kxg4 Kd5 63. Kg5 Kc6 64. Kf6 Kd7 65. Be5 Kc8
66. Kxe6 Bh1 67. Kd6 Bg2 68. Kc5 Bh1 69. Kb6 Bg2 70. Bf6 Bf3 71. Bd8 1/2-1/2

[Event "European Youth Chess Championship B12"]
[Site "Prague, Top Hotel Prague"]
[Date "2016.08.20"]
[Round "3.35"]
[White "Marn, Jan"]
[Black "Ratnesan, Ranesh"]
[Result "0-1"]
[WhiteElo "1896"]
[BlackElo "1714"]
[PlyCount "46"]
[EventDate "2016.08.18"]

1. e4 c5 2. Nf3 d6 3. c3 Nf6 4. Be2 g6 5. O-O Bg7 6. d3 O-O 7. Be3 Nc6 8. Nbd2
e5 9. h3 Nh5 10. Qc2 h6 11. Nb3 f5 12. exf5 Bxf5 13. g4 Be6 14. gxh5 Bxh3 15.
Rfe1 Qd7 16. Nh2 e4 17. d4 Rf5 18. Rad1 Raf8 19. dxc5 Be5 20. Rxd6 Bxd6 21.
cxd6 gxh5 22. Bc4+ Kh8 23. Nd4 Qg7+ 0-1

[Event "European Youth Chess Championship B12"]
[Site "Prague, Top Hotel Prague"]
[Date "2016.08.20"]
[Round "3.36"]
[White "Lukyanenko, Artemiy"]
[Black "Astner, Sebastian"]
[Result "0-1"]
[WhiteElo "1752"]
[BlackElo "1893"]
[PlyCount "86"]
[EventDate "2016.08.18"]

1. d4 d5 2. e3 c6 3. Nf3 Bf5 4. Bd3 Bxd3 5. Qxd3 Nf6 6. b3 e6 7. O-O Nbd7 8.
Bb2 Be7 9. Nbd2 O-O 10. e4 dxe4 11. Nxe4 Nxe4 12. Qxe4 Nf6 13. Qd3 Qc7 14. c4
Rad8 15. Qc2 h6 16. Rad1 Rfe8 17. Ne5 c5 18. d5 exd5 19. cxd5 Nxd5 20. Qc4 Bf6
21. Rxd5 Rxd5 22. Qxd5 Bxe5 23. Bxe5 Rxe5 24. Qd3 Re6 25. Rd1 Qa5 26. h3 Qxa2
27. Qc3 Kh7 28. Qd3+ g6 29. Qc3 Qe2 30. Rd7 Re7 31. Rd8 Qe1+ 32. Qxe1 Rxe1+ 33.
Kh2 Re7 34. Rc8 b6 35. Kg3 Kg7 36. Kf3 Kf6 37. h4 Ke6 38. h5 gxh5 39. Rh8 Kd5
40. Rxh6 Kd4 41. Rxh5 Kc3 42. g4 Kxb3 43. g5 c4 0-1

[Event "European Youth Chess Championship B12"]
[Site "Prague, Top Hotel Prague"]
[Date "2016.08.20"]
[Round "3.37"]
[White "Verma, Aditya"]
[Black "Magold, Victor"]
[Result "1-0"]
[WhiteElo "1890"]
[BlackElo "1708"]
[PlyCount "45"]
[EventDate "2016.08.18"]

1. e4 c5 2. Nf3 e6 3. d4 cxd4 4. Nxd4 a6 5. Nc3 Qc7 6. g3 b5 7. a3 Bb7 8. Bg2
d6 9. Be3 Nf6 10. O-O Be7 11. h3 Nc6 12. Nde2 O-O 13. f4 Rfd8 14. Qd2 Na5 15.
b3 d5 16. e5 Ne8 17. Rab1 Bc5 18. f5 d4 19. Bxd4 exf5 20. Rxf5 g6 21. Rf4 Qxe5
22. Rd1 Qe7 23. Ne4 {not readable} 1-0

[Event "European Youth Chess Championship B12"]
[Site "Prague, Top Hotel Prague"]
[Date "2016.08.20"]
[Round "3.38"]
[White "Pribyl, Viktor"]
[Black "Karaoglan, Doruk"]
[Result "1/2-1/2"]
[WhiteElo "1742"]
[BlackElo "1889"]
[PlyCount "111"]
[EventDate "2016.08.18"]

1. d4 Nf6 2. c4 g6 3. Nc3 Bg7 4. e4 d6 5. Be2 O-O 6. Bg5 c5 7. dxc5 Qa5 8. Bd2
Qxc5 9. Nf3 Bg4 10. Be3 Qa5 11. O-O Bxf3 12. Bxf3 Nc6 13. Be2 Rfc8 14. a3 Ne5
15. b4 Qd8 16. Qb3 Qd7 17. f3 Qe6 18. Nd5 Nxd5 19. cxd5 Qd7 20. Rac1 a6 21. a4
Rxc1 22. Rxc1 Rc8 23. Rxc8+ Qxc8 24. h3 Nd7 25. Qc4 Qxc4 26. Bxc4 Bc3 27. b5 a5
28. Kf2 Bb4 29. Bb3 Bc5 30. Bc2 Kg7 31. Ke2 Bxe3 32. Kxe3 Nc5 33. Kd4 b6 34. f4
h6 35. e5 g5 36. g3 gxf4 37. gxf4 Kf8 38. exd6 exd6 39. Ke3 Kg7 40. Kf3 Nd7 41.
Ke3 Kf6 42. Kf3 Kg7 43. Ke3 Nc5 44. Kd4 f5 45. Ke3 Kg6 46. Kf3 Nd7 47. Ke3 Nf6
48. Kd4 Kh5 49. Bxf5 Kh4 50. Be6 Kg3 51. Ke3 h5 52. f5 Kxh3 53. Kf4 Kh4 54. Bf7
Nh7 55. Be6 Nf6 56. Bf7 1/2-1/2

[Event "European Youth Chess Championship B12"]
[Site "Prague, Top Hotel Prague"]
[Date "2016.08.20"]
[Round "3.39"]
[White "Ben Ari, Yannay"]
[Black "Skypala, Ondrej"]
[Result "1/2-1/2"]
[WhiteElo "1883"]
[BlackElo "1703"]
[PlyCount "74"]
[EventDate "2016.08.18"]

1. e4 e6 2. d4 d5 3. Nc3 dxe4 4. Nxe4 Nf6 5. Nxf6+ gxf6 6. g3 c5 7. Be3 cxd4 8.
Qxd4 Bd7 9. Bg2 Nc6 10. Qd2 Ne5 11. Rd1 Nc4 12. Qd4 Nxe3 13. Qxe3 Qc7 14. Nf3
Bb5 15. Nd4 Bc4 16. Qf3 Bd5 17. Qxf6 Bxg2 18. Rg1 Rg8 19. Rxg2 Bg7 20. Qf3 Rd8
21. c3 Bxd4 22. cxd4 Qa5+ 23. Kf1 Qa6+ 24. Kg1 Rg5 25. Qe4 Rgd5 26. f4 f5 27.
Qe3 R8d6 28. b3 Qb6 29. Rgd2 Ke7 30. Kf2 Qd8 31. Qc3 Qh8 32. Ke3 h5 33. Qb4 b6
34. Rc2 a5 35. Rc7+ Kf6 36. Qc3 h4 37. Rc8 Qh5 1/2-1/2

[Event "European Youth Chess Championship B12"]
[Site "Prague, Top Hotel Prague"]
[Date "2016.08.20"]
[Round "3.40"]
[White "Mansoor, Afras"]
[Black "Decuigniere, Tom"]
[Result "1-0"]
[WhiteElo "1728"]
[BlackElo "1878"]
[PlyCount "165"]
[EventDate "2016.08.18"]

1. d4 Nf6 2. Nf3 c5 3. d5 g6 4. Nc3 Bg7 5. e4 d6 6. e5 dxe5 7. Nxe5 O-O 8. Be2
Nbd7 9. Nc4 b6 10. Bf4 Bb7 11. a4 e6 12. dxe6 fxe6 13. O-O Nd5 14. Bd6 Re8 15.
Bg3 Nxc3 16. bxc3 Nf6 17. Nd6 Re7 18. Nxb7 Rxb7 19. Bf3 Rd7 20. Qe2 Rf7 21.
Rfe1 Re7 22. Bxa8 Qxa8 23. Be5 Nd7 24. Bxg7 Kxg7 25. Qc4 Qc6 26. Qe4 Qxe4 27.
Rxe4 Nf6 28. Ree1 Nd5 29. a5 Nxc3 30. axb6 axb6 31. Ra6 Rb7 32. g3 Kf7 33. Re3
Nd5 34. Rea3 Ke7 35. Ra7 Rd7 36. Rxd7+ Kxd7 37. Kf1 Nb4 38. c3 Nd5 39. c4 Nf6
40. Ke2 Kc6 41. Kf3 h6 42. Kf4 g5+ 43. Kf3 Nd7 44. Ke4 Kd6 45. Rd3+ Ke7 46. h3
Nf6+ 47. Kf3 Nd7 48. Ke4 Nf6+ 49. Ke3 e5 50. f4 Ke6 51. fxe5 Kxe5 52. Rb3 Nd7
53. Ra3 Ke6 54. Ra6 Kf6 55. Ke4 Ke6 56. Ra7 Ne5 57. Ra4 Nd7 58. Ra8 Nf6+ 59.
Ke3 h5 60. Rh8 Nd7 61. Rg8 Ne5 62. Rxg5 Nxc4+ 63. Kd3 Ne5+ 64. Kc3 b5 65. Rxh5
Kd5 66. Rh8 Nc6 67. Rh5+ Ne5 68. Rh8 Nc6 69. g4 b4+ 70. Kb2 c4 71. g5 Kd4 72.
Rc8 Ne5 73. Rd8+ Ke3 74. Kc2 Kf4 75. Rd5 Ng6 76. Rd4+ Kxg5 77. Rxc4 Nh4 78.
Rxb4 Nf3 79. Kd3 Kh5 80. Ke3 Ng5 81. h4 Nf7 82. Kf3 Ne5+ 83. Kg3 1-0

[Event "European Youth Chess Championship B12"]
[Site "Prague, Top Hotel Prague"]
[Date "2016.08.20"]
[Round "3.41"]
[White "Arbuzov, Timofey"]
[Black "Glozar, Petr"]
[Result "1/2-1/2"]
[WhiteElo "1870"]
[BlackElo "1688"]
[PlyCount "143"]
[EventDate "2016.08.18"]

1. d4 d5 2. Nc3 Nf6 3. Bg5 e6 4. e4 dxe4 5. Nxe4 Be7 6. Bxf6 Bxf6 7. Nf3 Be7 8.
Bd3 b6 9. Qe2 Bb7 10. c3 Nd7 11. O-O-O c6 12. h4 Qc7 13. Kb1 h6 14. Rhe1 O-O-O
15. Rc1 Kb8 16. Red1 Rhe8 17. a3 c5 18. g3 c4 19. Bc2 Nf6 20. Ne5 b5 21. Nxf7
Rd5 22. Ne5 a5 23. Ng6 b4 24. Nxe7 Rxe7 25. Nxf6 gxf6 26. Be4 Rb5 27. Bxb7 bxa3
28. Rc2 Qxb7 29. Rdd2 Qc7 30. Ka1 Rb3 31. Ka2 Qc6 32. bxa3 Qa4 33. Rb2 Reb7 34.
Kb1 Ka8 35. Rxb3 Rxb3+ 36. Rb2 Qxa3 37. Rxb3 Qxb3+ 38. Qb2 Kb7 39. f4 f5 40.
Kc1 Qxb2+ 41. Kxb2 Kc6 42. Ka3 Kb5 43. h5 Kb6 44. Ka2 Kc6 45. Ka3 Kd5 46. Ka4
Ke4 47. Kxa5 Kf3 48. Kb4 Kxg3 49. Kxc4 Kxf4 50. Kd3 Kg3 51. Ke2 Kf4 52. c4 Ke4
53. c5 Kd5 54. Ke3 Kc6 55. Kf3 Kd5 56. Kf4 Kc6 57. Ke5 Kc7 58. c6 Kxc6 59. Kxe6
f4 60. d5+ Kc5 61. d6 f3 62. d7 f2 63. d8=Q f1=Q 64. Qd6+ Kb5 65. Qd5+ Kb6 66.
Qd4+ Kc6 67. Qe4+ Kc5 68. Qe3+ Kb4 69. Qd4+ Qc4+ 70. Qd5 Qxd5+ 71. Kxd5 Kb5 72.
Ke6 1/2-1/2

[Event "European Youth Chess Championship B12"]
[Site "Prague, Top Hotel Prague"]
[Date "2016.08.20"]
[Round "3.42"]
[White "Smelykh, Edvin"]
[Black "Bilych, Olexiy"]
[Result "0-1"]
[WhiteElo "1709"]
[BlackElo "1860"]
[PlyCount "92"]
[EventDate "2016.08.18"]

1. e4 c5 2. Nf3 a6 3. c3 Nf6 4. e5 Nd5 5. d4 cxd4 6. Bc4 Nb6 7. Bb3 d5 8. exd6
e6 9. cxd4 Bxd6 10. Nc3 Nc6 11. Be3 Nd5 12. O-O Be7 13. Qe2 O-O 14. Rad1 Bf6
15. Ne4 h6 16. Nxf6+ Qxf6 17. Bc2 Ncb4 18. Bb1 Bd7 19. Ne5 Bb5 20. Qh5 Nxe3 21.
fxe3 Bxf1 22. Nd7 Qg5 23. Qxg5 hxg5 24. Nxf8 Bb5 25. Nh7 f6 26. a3 Nd5 27. e4
Ne7 28. e5 Kf7 29. Rd2 Rc8 30. Bc2 Nf5 31. d5 Ne3 32. Bb3 Nxd5 33. a4 Bc4 34.
Bc2 b5 35. b3 Bf1 36. Kxf1 Rxc2 37. Rxc2 Ne3+ 38. Ke2 Nxc2 39. Kd2 Nd4 40. Kc3
Nc6 41. axb5 axb5 42. exf6 gxf6 43. Kd3 Kg7 44. Nxg5 fxg5 45. h3 Kf6 46. g4 Ke5
0-1

[Event "European Youth Chess Championship B12"]
[Site "Prague, Top Hotel Prague"]
[Date "2016.08.20"]
[Round "3.43"]
[White "Nytra, Ondrej"]
[Black "Schlegel, Igor"]
[Result "0-1"]
[WhiteElo "1708"]
[BlackElo "1856"]
[PlyCount "46"]
[EventDate "2016.08.18"]

1. e4 e5 2. Nf3 Nc6 3. Bb5 a6 4. Ba4 Nf6 5. O-O Be7 6. Re1 b5 7. Bb3 O-O 8. h3
Bb7 9. c3 d5 10. exd5 Nxd5 11. d3 Qd7 12. Nxe5 Nxe5 13. Rxe5 Bf6 14. Re1 Rfe8
15. Be3 Qc6 16. Qg4 Nf4 17. f3 Nxd3 18. Re2 Rxe3 19. Rxe3 Qc5 20. Bxf7+ Kh8 21.
Qe6 Be5 22. Kh1 Qxe3 23. Nd2 Nf2+ 0-1